00500nam a2200157 i 4500001000300000100002200003245007000025260001900095040000800114041000800122942000700130008004100137999001700178856009800195952004900293bg1 aŚPIEWLA, Edward 0aKształtowanie i ochrona środowiska człowieka /cE. Śpiewla. aLublin,c1979. cBPK apol cKS s pl f |000 0 pol  c20044d20044 uhttp://koha.tu.koszalin.pl/cgi-bin/koha/opac-detail.pl?biblionumber=20044yKatalog online BPK 00104070aBPKbBPKcwo28285p01658132yKS